000 01085nam0a22002651 4500
001 RU\NLR\INFOCOMM_253\5000018205
005 20260406235147.0
035 _a(NLR Aleph) 009203965
090 _a8707500
_c8707500
100 _a20100430d1971 |||y0rusy50 ca
101 0 _afre
102 _aRU
105 _ay ||||000|y
200 1 _aLa classe ouvrière, avant-garde du mouvement révolutionnaire mondial
_fAcad. des sciences de l'U.R. S. S. Inst. du mouvement ouvrier international
210 _aΜ.
_cÉd. de l'Agence de presse "Novosti"
_d1971
215 _a265 с.
_d16 см
300 _aВ вып. дан.: Рабочий класс - авангард мирового революционного движения
606 _aМеждународное революционное движение
_z20 в.
_2nlr_sh1
686 _aИ2-508
_2rubbk
712 0 2 _4570
_8fre
_aInstitut du mouvement ouvrier international
_cMoscou
_7ba
_3RU\NLR\AUTH\889988938
_9473439
801 1 _aRU
_bNLR
_c20100430
801 0 _aRU
_bNLR
_gPSBO
852 _aNLR
_jИ25 Д-1/44
942 _cBOOK
980 _aNB